Länder nach Satellitenbild #2 - Statistiken

Allgemein
  • Dieses Quiz wurde 16.323 mal gespielt
  • Das Durchschnittsergebnis liegt bei 10 aus 16
Antwortstatistiken
Bildquiz Antwort % Korrekt
Ägypten
97%
Südafrika
94%
Zypern
92%
Kuba
77%
Iran
75%
Niederlande
72%
Finnland
64%
Nepal
63%
Israel
57%
Bangladesch
48%
Nordkorea
47%
Ecuador
46%
Kuwait
40%
Singapur
40%
Bahrain
37%
Guinea-Bissau
22%
Keine übereinstimmenden Quizze gefunden
Verteilung der Resultate
Anzahl Personen mit jedem Resultat
Perzentil nach korrekt beantworteten Fragen
Ihre Resultats-Entwicklung
Sie haben dieses Quiz noch nicht gespielt